000 00556nam a22002417a 4500
003 UA-OsUOA
001 31338
007 ta
008 20041210b un ||||| |||| 00| 0 ukr d
100 _aТрощинський В.П.
090 _a32:94(477)
_bП50
942 _cBK
040 _aUA-OsUOA
_bukr
_cUA-OsUOA
_dUA-OsUOA
245 _aУкраїнці за межами УРСР (1918-1940)
300 _a720 с.
955 _a0
041 _aukr
080 _a32:94(477)
260 _c2003
044 _aUA
650 7 _2UDC
999 _c317761
_d317761